| 000 | 00681nam a2200241 a 4500 | ||
|---|---|---|---|
| 003 | AR-BaBNM | ||
| 005 | 20251128210428.0 | ||
| 008 | 082120s2002 ||||||||||||||000 | spa|| | ||
| 040 | _cAR-BaBNM | ||
| 100 | 1 | _aCastelnuovo, Emma | |
| 245 | 0 | 0 |
_aDocumenti di un'esposizione di matematica _bda bambini a uomini |
| 260 |
_aTorino _bBoringhieri _c1977 |
||
| 300 |
_a334 p. _bil. |
||
| 490 | 0 | _aDidattica. Proposte ed esperienze | |
| 650 | 4 | _aENSEÑANZA DE LAS MATEMATICAS | |
| 650 | 4 | _aDIDACTICA | |
| 650 | 4 | _aMETODOS DE ENSEÑANZA | |
| 650 | 4 | _aMATERIAL DIDACTICO | |
| 650 | 4 | _aCONCEPTOS MATEMATICOS | |
| 653 | _aEXPERIENCIAS EDUCATIVAS | ||
| 942 | _cBK | ||
| 998 | _cRAQUEL | ||
| 999 |
_c15444 _d15444 |
||